|
|
|
|
| LEADER |
00597cam a2200181 7i4500 |
| 001 |
0000001983 |
| 005 |
20240105090000.0 |
| 020 |
|
|
|a 0072833378
|
| 090 |
0 |
0 |
|a QA533
|b .B35 2003
|
| 100 |
1 |
|
|a Baley, John B
|
| 245 |
1 |
0 |
|a Trigonometry
|c John B. Baley, Gary Sarell.
|
| 260 |
|
|
|a New York:
|b McGraw-Hill,
|c 2003.
|
| 300 |
|
|
|a xv, 432 p.:
|b col. ill.;
|c 28 cm.
|
| 650 |
0 |
0 |
|a Trigonometry
|
| 700 |
1 |
|
|a Sarell, Gary
|
| 997 |
|
|
|a Communication, Visual Art & Computing, Faculty
|b Computing, Department
|
| 998 |
|
|
|a Mathematics with Statistics, Degree
|
| 999 |
|
|
|a 0000011316
|b BOK
|c OPEN SHELF
|e 2nd Floor, Bestari Jaya
|